Find all the 5th gen k-pop groups - Statistics

General Stats
  • This quiz has been taken 76 times
  • The average score is 19 of 57
Answer Stats
Answer % Correct
illit
95%
cortis
88%
babymonster
79%
hearts2hearts
79%
boynextdoor
74%
kiiikiii
74%
tws
68%
riize
67%
zerobaseone
61%
meovv
60%
allday project
58%
izna
58%
kiss of life
56%
nct wish
53%
lngshot
49%
unis
49%
alpha drive one
47%
kickflip
47%
tripleS
44%
xikers
39%
&team
37%
xlov
37%
artms
33%
badvillain
33%
close your eyes
33%
8turn
30%
rescene
28%
young posse
28%
loossemble
26%
evnne
25%
nexz
25%
say my name
25%
82major
23%
plave
23%
ahof
21%
baby don't cry
21%
1verse
19%
all(h)ours
19%
ampers&one
19%
ifeye
18%
idid
16%
AtHeart
14%
HITGS
12%
idntt
12%
pow
12%
lun8
11%
onepact
11%
newbeat
9%
nowz
9%
xodiac
7%
ARrC
5%
fantasy boys
4%
vvup
4%
nomad
2%
nouerA
2%
AxMxP
0%
be boys
0%
No matching quizzes found
Score Distribution
Percent of People with Each Score
Percentile by Number Answered
Your Score History
You have not taken this quiz